Funny Fruit and Veg Quiz Stats

 Plays Quiz not verified by Sporcle

Also try: Legal Terms
Challenge
Share
Tweet
Score 0/10 Timer 10:00
0 Plays Today
% Correct
Dragon Fruit
89.1%
Durian
57.8%
Cherimoya
23.4%
Romanesco
23.4%
Ugli Fruit
23.4%
Pummelo
15.6%
Samphire
15.6%
Jabuticaba
14.1%
Kiwano melon
14.1%
Purple Sweet Potato
12.5%

You're not logged in!

Compare scores with friends on all Sporcle quizzes.
Join for Free
OR
Log In

You Might Also Like...

Show Comments

Extras

Created Apr 1, 2017ReportNominate
Tags:Food Quiz, fruit, vegetable

Top Quizzes Today


Score Distribution

Your Account Isn't Verified!

In order to create a playlist on Sporcle, you need to verify the email address you used during registration. Go to your Sporcle Settings to finish the process.

Report this User

Report this user for behavior that violates our Community Guidelines.

Details: